Introducción a la contabilidad / (Record no. 144094)

MARC details
000 -CABECERA
campo de control de longitud fija 00741nam a2200217 u 4500
005 - FECHA Y HORA DE LA ÚLTIMA TRANSACCIÓN
campo de control 20240412063653.0
008 - ELEMENTOS DE LONGITUD FIJA--INFORMACIÓN GENERAL
campo de control de longitud fija 090824s2005 r 000 0 eng d
020 ## - NÚMERO INTERNACIONAL NORMALIZADO PARA LIBROS
Número Internacional Estándar del Libro 9586483991
035 ## - NÚMERO DE CONTROL DEL SISTEMA
Número de control de sistema UPN01000171990
049 ## - COLECCIÓN
Colección CG
050 #4 - SIGNATURA TOPOGRÁFICA DE LA BIBLIOTECA DEL CONGRESO
Número de clasificación HF5630
Número de documento/Ítem F5.4 2005
100 1# - ASIENTO PRINCIPAL--NOMBRE PERSONAL
Nombre de persona Fierro Martínez, Angel María
245 10 - MENCIÓN DE TÍTULO
Título Introducción a la contabilidad /
Mención de responsabilidad, etc. Angel María Fierro Martínez.
250 ## - MENCIÓN DE EDICIÓN
Mención de edición 2a ed.
260 ## - PUBLICACIÓN, DISTRIBUCIÓN, ETC.
Lugar de publicación, distribución, etc. Bogotá :
Nombre del editor, distribuidor, etc. Ecoe,
Fecha de publicación, distribución, etc. 2005.
300 ## - DESCRIPCIÓN FÍSICA
Extensión 249 p. +
Material acompañante/anejo 1 CD-ROM ; 4 3/4 plg.
440 #0 - MENCIÓN DE SERIE/ASIENTO SECUNDARIO--TÍTULO
Título Textos universitarios.
Nombre de parte o sección de la obra Contabilidad, auditoría y control
500 ## - NOTA GENERAL
Nota general Incluye 1 CD-ROM ; 4 3/4 plg., solicítalo en el Departamento de Documentación
650 #4 - ASIENTO SECUNDARIO DE MATERIA - TERMINO TEMATICO
Término de materia o nombre geográfico como elemento de entrada Contabilidad
Subdivisión general Estudio y enseñanza
9 (RLIN) 12260
905 ## - TIPO DE MATERIAL
Tipo de material Libro
Holdings
Estado de retiro Estado de pérdida Fuente del sistema de clasificación o colocación Estado dañado No para préstamo Código de colección Localización permanente Ubicación/localización actual Ubicación en estantería Total de préstamos Clasificación Código de barras Fecha visto por última vez Número de copia Tipo de ítem Koha Fecha de adquisición Precio válido a partir de Nota pública
    Library of Congress Classification     Colección General Bib. Gregorio Torres Quintero Bib. Gregorio Torres Quintero Planta baja 4 HF5630 F5.4 2005 267205 31/12/2020 1 Libro      
    Library of Congress Classification     Colección General Bib. Gregorio Torres Quintero Bib. Gregorio Torres Quintero Planta baja 4 HF5630 F5.4 2005 267206 31/12/2020 1 Libro      
    Library of Congress Classification     Materiales complementarios y otros recursos electrónicos  Bib. Gregorio Torres Quintero Bib. Gregorio Torres Quintero Mostrador de préstamo Planta baja   HF5630 F5.4 2005 339590 13/08/2024 Ej.2 Disco Compacto 13/08/2024 13/08/2024 Solicítalo en el mostrador de préstamo